| 000 | 00918cam a2200265 a 4500 | ||
|---|---|---|---|
| 001 | 15368107 | ||
| 003 | OSt | ||
| 005 | 20230607090852.0 | ||
| 008 | 080716s2006 ke a b 000 0 eng | ||
| 010 | _a 2008349857 | ||
| 040 |
_aDLC _cDLC _dDLC |
||
| 042 | _alcode | ||
| 043 | _af-ke--- | ||
| 050 | 0 | 0 |
_aHD9017.K42 _bO46 2006 |
| 100 | 1 | _aOmosa, Mary. | |
| 245 | 1 | 0 |
_aFood security trends : _ba situational analysis of food supply differentials in rural Kenya / _cby Mary Omosa. |
| 260 |
_aNairobi : _bInstitute for Development Studies, University of Nairobi, _c2006. |
||
| 300 |
_a55 p. : _bill. ; _c20 cm. |
||
| 490 | 0 |
_aIDS discussion paper ; _vno. 300 |
|
| 504 | _aIncludes bibliographical references (p. 50-55). | ||
| 650 | 0 |
_aFood supply _zKenya. |
|
| 906 |
_a7 _bcbc _corigode _d3 _encip _f20 _gy-gencatlg |
||
| 942 |
_2ddc _cBK |
||
| 999 |
_c777 _d777 |
||